| 000 | 01109cam a22002897a 4500 | ||
|---|---|---|---|
| 999 |
_c331620 _d331620 |
||
| 001 | 16721307 | ||
| 003 | NUST | ||
| 005 | 20171006214841.0 | ||
| 008 | 110405s2010 pk 000 | urd | ||
| 010 | _a 2011326906 | ||
| 025 | _aP-U-2011326906; 11 | ||
| 037 |
_bLibrary of Congress -- Islamabad Overseas Office _cRs 600 |
||
| 040 |
_aDLC _cDLC |
||
| 041 | 1 |
_akas _aurd _hkas |
|
| 042 |
_alcode _alccopycat |
||
| 050 | 0 | 0 | _aMLCSA 2011/00606 (P) |
| 082 |
_a891.63 _bRAS |
||
| 100 | 1 |
_aRishī, Nūruddīn, _d1377-1440. _95298 |
|
| 245 | 1 | 0 |
_aRishīnāmah : _bKashmīr ke ṣūfī shāʻir Nūruddīn Rishī kā kalām aur Urdū tarjumah / _cUrdū tarjumah, T̤āʼūs Bānihālī. |
| 250 | _a2nd ed. | ||
| 260 |
_aLāhaur : _bal-Faiṣal, _c2010. |
||
| 300 |
_a236 p. ; _c22 cm. |
||
| 500 | _aPoems. | ||
| 546 | _aText in Kashmiri, with verse rendering in Urdu. | ||
| 700 | 1 |
_aBānihālī, T̤āʼūs. _95299 |
|
| 880 |
_6100-01\(3\r _aنور الدین رشی |
||
| 880 |
_6245-02\(3\r _aرشی نامہ: _bکشمیر کے صوفی شاعر شیخ نور الدین رشی کا کلام اور اردو ترجمہ _cترجمہ: طاؤس بانہالی |
||
| 880 |
_6260-03\(3\r _aلاہور: _bالفیصل، _c2010 |
||
| 906 |
_a7 _bcbc _corigode _d4 _encip _f20 _gy-nonroman |
||
| 942 |
_2ddc _cBK |
||